| 000 | 00519nam a2200181 a 4500 | ||
|---|---|---|---|
| 001 | 1583 | ||
| 005 | 20140414131959.0 | ||
| 008 | 020412s19uu xx 00 eng d | ||
| 020 | _a1-85758-371-X | ||
| 050 |
_aTR 428 _bK32 1996 |
||
| 100 | _aLane, Shiela | ||
| 245 |
_aBack to basics English / _cShiela Lane and Marion Kemp. |
||
| 260 |
_aLondon : _bLetts Educational, _c1996. |
||
| 300 | _a32 p. : ill. ; cm. | ||
| 440 | _aLetts English, age 9-10, bk.2 | ||
| 650 |
_aEnglish _xStudy and teaching. |
||
| 999 |
_c113013 _d113013 |
||